000 00723nam a2200181Ia 4500
008 090124s9999 xx 000 0 und d
082 _b105167
100 _aभातखंडे विष्णुनारायण
245 _a क्रमिक पुस्तक मालिका (भाग 6 वा)
250 _a1
260 _c1955
300 _a546
600 _aभातखंडे विष्णुनारायण
630 _a क्रमिक पुस्तक मालिका (भाग 6 वा)
700 _aभातखंडे विष्णुनारायण
730 _a क्रमिक पुस्तक मालिका (भाग 6 वा)
942 _cBOOK
999 _c151259
_d151259